Lê Quý Đôn nhà tư tưởng Việt Nam thế kỷ 18

Cuộc đời, sự nghiệp, quan điểm về chính trị - xã hội, triết học và về bản sắc văn hoá dân tộc của Lê Quý Đôn. Một số tác phẩm tiêu biểu như: Quần thư khảo biện, Thư kinh diễn nghĩa, Vân Đài loại ngữ...

Αποθηκεύτηκε σε:
Λεπτομέρειες βιβλιογραφικής εγγραφής
Κύριος συγγραφέας: Hà Thúc Minh
Μορφή: Βιβλίο
Γλώσσα:Vietnamese
Έκδοση: H. Giáo dục 1998
Θέματα:
Ετικέτες: Προσθήκη ετικέτας
Δεν υπάρχουν, Καταχωρήστε ετικέτα πρώτοι!
Thư viện lưu trữ: Mạng thư viện Đại học Đà Nẵng
LEADER 01170nam a22003498a 4500
001 000015425
003 11805
005 20120528150517.0
008 120528s1998 sd
020 |c 8.400đ  |d 2.000b 
041 0 |a 9905 
041 0 |a vie 
080 |a 9(V)133(092) 
084 |a P3(1)4-8  |b L250Q 
100 1 |a Hà Thúc Minh 
245 1 0 |a Lê Quý Đôn nhà tư tưởng Việt Nam thế kỷ 18  |c Hà Thúc Minh 
260 |a H.  |b Giáo dục  |c 1998 
300 |a 151tr : ảnh  |c 21cm 
520 |a Cuộc đời, sự nghiệp, quan điểm về chính trị - xã hội, triết học và về bản sắc văn hoá dân tộc của Lê Quý Đôn. Một số tác phẩm tiêu biểu như: Quần thư khảo biện, Thư kinh diễn nghĩa, Vân Đài loại ngữ... 
653 |a Lê Quí Đôn 
653 |a nhà tư tưởng 
653 |a nhà bác học 
653 |a Việt Nam 
653 |a nhân vật lịch sử 
OWN |a LSP 
999 |a From the UDN01 
TYP |a Monograph 
TYP |a Printed language 
980 |a Mạng thư viện Đại học Đà Nẵng